[Event "POL-chT U19 2nd League"]
[Site "Szczyrk"]
[Date "2014.07.28"]
[Round "5.82"]
[White "Mlynarski, Jedrzej"]
[Black "Poltorak, Sebastian"]
[Result "1-0"]
[WhiteElo "1455"]
[BlackElo "1455"]
[PlyCount "163"]
[EventDate "2014.07.25"]
[EventType "team-swiss"]
[EventRounds "11"]
[EventCountry "POL"]
[SourceTitle "EXT 2015"]
[Source "ChessBase"]
[SourceDate "2014.11.20"]
[SourceVersion "1"]
[SourceVersionDate "2014.11.20"]
[SourceQuality "1"]
[WhiteTeam "Katowice UKS Palac Mlodziezy U19"]
[BlackTeam "Poznan UMKS Na Pieterku U19"]
[WhiteTeamCountry "POL"]
[BlackTeamCountry "POL"]

1. d4 d5 2. c4 c6 3. Nc3 Nf6 4. cxd5 cxd5 5. Nf3 Nc6 6. Bf4 Qb6 7. Qd2 Bf5 8. e3 e6 9. Nh4 Bg6 10. Nxg6 hxg6 11. Bd3 Be7 12. 0-0 0-0 13. Rac1 Rac8 14. a3 Na5 15. Na4 Qb3 16. Qxa5 Qxd3 17. Nc3 Qa6 18. Qxa6 bxa6 19. f3 Nh5 20. Bg3 Nxg3 21. hxg3 Bg5 22. Kf2 e5 23. f4 exd4 24. exd4 Bf6 25. Ke3 Rfe8+ 26. Kd3 Rc4 27. Ne2 Rec8 28. b3 Rxc1 29. Rxc1 Rxc1 30. Nxc1 Kf8 31. Na2 Be7 32. a4 Ke8 33. Nc3 Kd7 34. Nxd5 Bd6 35. Nc3 g5 36. Ne2 g4 37. Ke4 Ke6 38. d5+ Kf6 39. Nd4 Bb4 40. Nc6 Bc5 41. Ne5 Ke7 42. Nxg4 f6 43. Ne3 Bb4 44. Nc4 Be1 45. g4 Bc3 46. f5 Kd7 47. Ke3 Bb4 48. Kd4 Kc7 49. Nb2 Bd6 50. Nd3 Kb6 51. Kc4 Be7 52. Nf4 Bd6 53. Ne6 Be5 54. Nxg7 Kc7 55. Ne6+ Kc8 56. Nc5 a5 57. Ne6 Kd7 58. Nd4 Bc7 59. Nf3 Ke7 60. Ne1 Bb6 61. Nf3 Kd6 62. g5 fxg5 63. g4 Be3 64. Nd4 Kc7 65. Nb5+ Kd7 66. d6 a6 67. Nc7 Kxd6 68. Nxa6 Kc6 69. Nb8+ Kc7 70. Na6+ Kb6 71. f6 Bf4 72. Nc5 Bd6 73. Ne6 Kc6 74. f7 Kd7 75. f8Q Bxf8 76. Nxf8+ Ke7 77. Nh7 Kd6 78. Kb5 Ke5 79. Nxg5 Kf4 80. Kxa5 Kxg5 81. Kb6 Kxg4 82. a5 1-0

[Event "POL-chT U19 2nd League"]
[Site "Szczyrk"]
[Date "2014.07.26"]
[Round "3.46"]
[White "Mlynarski, Jedrzej"]
[Black "Kawaler, Adam"]
[Result "0-1"]
[WhiteElo "1455"]
[BlackElo "1610"]
[PlyCount "80"]
[EventDate "2014.07.25"]
[EventType "team-swiss"]
[EventRounds "11"]
[EventCountry "POL"]
[SourceTitle "EXT 2015"]
[Source "ChessBase"]
[SourceDate "2014.11.20"]
[SourceVersion "1"]
[SourceVersionDate "2014.11.20"]
[SourceQuality "1"]
[WhiteTeam "Katowice UKS Palac Mlodziezy U19"]
[BlackTeam "Wroclaw MUKS MDK Srodmiescie U19 II"]
[WhiteTeamCountry "POL"]
[BlackTeamCountry "POL"]

1. d4 d5 2. c4 e6 3. cxd5 exd5 4. Nc3 c5 5. Nf3 Nc6 6. g3 Bf5 7. Bg2 Nf6 8. a3 c4 9. Nh4 Be6 10. Bg5 Be7 11. f4 Ng4 12. Bxe7 Nxe7 13. Qd2 Ng6 14. Nxg6 hxg6 15. h3 Nf6 16. 0-0-0 Bf5 17. g4 Be4 18. Bxe4 Nxe4 19. Nxe4 dxe4 20. e3 Qd5 21. h4 Rc8 22. Qc3 Rc6 23. g5 Rb6 24. b4 cxb3 25. Qc8+ Qd8 26. Qxd8+ Kxd8 27. Kb2 a5 28. a4 Kd7 29. Rc1 Rb4 30. Rc5 Rxa4 31. Rhc1 Rxh4 32. Rd5+ Ke6 33. Re5+ Kd6 34. Rcc5 Rh2+ 35. Kc3 f6 36. Red5+ Ke6 37. Rxa5 b2 38. Rab5 b1Q 39. Rxb1 Kxd5 40. Rxb7 Ra3+ 0-1

[Event "POL-chT U19 2nd League"]
[Site "Borowice"]
[Date "2012.07.27"]
[Round "9"]
[White "Kawaler, Adam"]
[Black "Mlynarski, Jedrzej"]
[Result "1-0"]
[WhiteElo "1526"]
[BlackElo "1396"]
[PlyCount "53"]
[EventDate "2012.07.21"]
[EventType "team-swiss"]
[EventRounds "11"]
[EventCountry "POL"]
[SourceTitle "EXT 2014"]
[Source "ChessBase"]
[SourceDate "2013.11.20"]
[SourceVersion "1"]
[SourceVersionDate "2013.11.20"]
[SourceQuality "1"]
[WhiteTeam "Wroclaw MUKS MDK Srodmiescie U19 II"]
[BlackTeam "Katowice UKS Palac Mlodziezy U19"]
[WhiteTeamCountry "POL"]
[BlackTeamCountry "POL"]

1. e4 e6 2. d4 d5 3. exd5 exd5 4. c4 Bb4+ 5. Nc3 Nf6 6. Nf3 dxc4 7. Bxc4 0-0 8. 0-0 c6 9. Ne5 Qc7 10. Bf4 Bd6 11. Qb3 Bxe5 12. Bxe5 Qe7 13. Rfe1 Be6 14. Bxf6 Qxf6 15. Bxe6 fxe6 16. Qxe6+ Kh8 17. Qxf6 gxf6 18. Re7 b6 19. Rc7 Kg8 20. Re1 Rf7 21. Re8+ Kg7 22. Rcc8 Rb7 23. Ne4 a5 24. Rg8+ Kh6 25. Nd6 Rd7 26. Nf5+ Kh5 27. g4# 1-0

[Event "POL-chT U19 2nd League"]
[Site "Borowice"]
[Date "2012.07.23"]
[Round "4"]
[White "Smolenski, Filip"]
[Black "Mlynarski, Jedrzej"]
[Result "1-0"]
[WhiteElo "1592"]
[BlackElo "1396"]
[PlyCount "53"]
[EventDate "2012.07.21"]
[EventType "team-swiss"]
[EventRounds "11"]
[EventCountry "POL"]
[SourceTitle "EXT 2014"]
[Source "ChessBase"]
[SourceDate "2013.11.20"]
[SourceVersion "1"]
[SourceVersionDate "2013.11.20"]
[SourceQuality "1"]
[WhiteTeam "Szczecin Gryf U19"]
[BlackTeam "Katowice UKS Palac Mlodziezy U19"]
[WhiteTeamCountry "POL"]
[BlackTeamCountry "POL"]

1. e4 e6 2. d4 d5 3. Nc3 Nf6 4. Bg5 Be7 5. e5 Nfd7 6. Bxe7 Qxe7 7. f4 a6 8. Nf3 c5 9. dxc5 Nxc5 10. Bd3 Nxd3+ 11. Qxd3 Nc6 12. 0-0-0 b5 13. g4 g6 14. h4 Bd7 15. h5 Na5 16. hxg6 fxg6 17. Qxg6+ hxg6 18. Rxh8+ Kf7 19. Rh7+ Kf8 20. Rdh1 Qxh7 21. Rxh7 Be8 22. Ng5 Rc8 23. Nxe6+ Kg8 24. Rg7+ Kh8 25. Nxd5 Rc3 26. Nf6 Bd7 27. Rh7# 1-0